000 00760nam a2200217Ii 4500
003 JO-AjNU
008 230606s9999||||xx |||||||||||||| ||und||
020 _a978-0-07-063580-7 / 0-07-063580-3
040 _aJO-AjNU
_beng
_erda
_cJO-AjNU
041 _aeng
050 1 4 _aHG4026.B667 2008
100 3 _aBrealey,Richard A / Myers,Stewart C / Allen, Franklin /Mohanty,Pitabas,
_eauthor
_91374
245 0 0 _aPrinciples of Corporate Finance
250 _a8th ed
264 3 1 _aNew Delhe : Tata Mc Graw Hill Publishing company Limited,2008
300 _a1039p
_bIncludes glossary and appendix indexes(p974-1039)
336 _atext
_btxt
_2rdacontent
337 _aunmediated
_bn
_2rdamedia
338 _avolume
_bnc
_2rdacarrier
650 4 _aCorporate Finance
_91375
999 _aE725
_c725
_d725